Statistics for St. Louis Cardinals World Series Victories

Click here to take the quiz!

General Stats

  • This quiz has been taken 198 times
  • The average score is 9 of 11

Answer Stats

OpponentYears% Correct
Texas Rangers2011
96%
Detroit Tigers2006
95%
Milwaukee Brewers1982
89%
New York Yankees1942
84%
Boston Red Sox1967
84%
New York Yankees1964
83%
St. Louis Browns1944
80%
Boston Red Sox1946
80%
New York Yankees1926
78%
Detroit Tigers1934
77%
Philadelphia Atheltics1931
74%

Score Distribution

Percentile by Number Answered

Percent of People with Each Score

Your Score History

You have not taken this quiz